| 000 | 01866nam a22002777a 4500 | ||
|---|---|---|---|
| 003 | Uzh_bibl | ||
| 008 | 260417b |||||||| |||| 00| 0 ukr d | ||
| 020 |
_a78-966-02-6472-4 _c49.00 |
||
| 040 | _bукр. | ||
| 041 |
_2ukr _aukr |
||
| 080 | _a30(477) | ||
| 090 |
_a30(477) _bЕ64 |
||
| 100 | _a- | ||
| 245 |
_aЕнциклопедія Сучасної України _bТ. 12: Кал - Киї. _cкорект. Т.Берзюк, І.Журило та ін; іл. Р.Кацалам; обкл. В.Єрмак. та ін. _hТекст |
||
| 260 |
_aКиїв _bТОВ "Твори" _c2012 |
||
| 300 |
_a711 с. _bіл. _fВ опр. |
||
| 490 | _vТом 12 | ||
| 520 | _aЕнциклопедія Сучасної України - перше багатотомне видання про Україну всіх вимірах від початку 20 століття до сьогодення. Енциклопедія подає цілісний образ новітньої України в подіях, інституціях, установах, родах діяльності, поняттях, особах. Охоплює всі сфери життя в Україна, відображає сучасні погляди на історичні події та постаті. У дванадцятому томі подано 2682 гасел, 2303 чорно-білих та 346 кольорових ілюстрацій, 16 карт, з таблиці і 1 схеми. | ||
| 521 | _aДля широкого кола читачів | ||
| 546 | _aукр. | ||
| 650 | _aДовідкове видання | ||
| 653 |
_aЕнциклопедія _aУкраїна |
||
| 655 |
_aНауково-популярне видання _vЕнциклопедія |
||
| 700 | _aІ.Дзюба, А.Жуковський, М.Железняк та ін. | ||
| 942 |
_2udc _cBK |
||
| 999 |
_c17386 _d17386 |
||